• 首页
  • 本馆介绍
  • 公告通知
  • 最新文献
  • 馆藏检索
  • 电子资源
  • 读者导购
  • 参考咨询
  • 我的图书馆
  • 登录
  • 详细信息显示
  • 放入我的书架
  • 预约/预借图书
  • 作者相关作品
  • 分类相关作品
  • 丛书相关作品
  • 出版社相关作品

书目信息

  • 表格格式
  • 工作单格式
  • 卡片格式
题名:
一百种游戏一百首诗
    
 
作者: ;游戏与诗教课程研究共同体 编
分册:  
出版信息: 南京   江苏凤凰文艺出版社  2020
页数: 106页
开本: 21cm
丛书名:
单 册:
中图分类: G898-49 , I287.2 , I287.2
科图分类:
主题词: 游戏--儿童读物 , 儿童诗歌--诗集--中国--当代 , 儿童文学--中国 , 儿童文学--中国--丛书
电子资源:
ISBN: 978-7-5594-4339-7
000 00844nam0 2200265 450
001 2367856122
005 20231220092313.09
010    @a978-7-5594-4339-7@dCNY 39.80
100    @a20201105d2020 cemy0chiy50 ea
101 0  @achi
102    @aCN@b320000
105    @aa z 000gy
200 1  @a一百种游戏一百首诗@Ayi bai zhong you xi yi bai shou shi@f游戏与诗教课程研究共同体编
210    @a南京@c江苏凤凰文艺出版社@d2020
215    @a106页@c彩图@d21cm
606 0  @a游戏@j儿童读物
606 0  @a儿童诗歌@x诗集@y中国@z当代
606 0  @a儿童文学@x中国
606 0  @a儿童文学@x中国@x丛书
690    @aG898-49@v5
690    @aI287.2@v5
690    @aI287.2@v4
711 02 @a游戏与诗教课程研究共同体@Ayou xi yu shi jiao ke cheng yan jiu gong tong ti@4编
801  0 @aCN@b大连网信软件有限公司图书馆·11@c20231220
905    @aBZT@dI287.2@e10
    
    一百种游戏一百首诗/游戏与诗教课程研究共同体编.-南京:江苏凤凰文艺出版社,2020
    106页:彩图;21cm
    
    
    ISBN 978-7-5594-4339-7:CNY 39.80
    
●
相关链接 在五车中查询图书 在当当中查询图书 在豆瓣中查询图书


正题名:一百种游戏一百首诗     索取号:I287.2/10         预约/预借

序号 登录号 条形码 馆藏地/架位号 状态 备注
1 2001650485   2001650485   516书库/ [索取号:I287.2/10] 在馆    
2 2001650486   2001650486   516书库/ [索取号:I287.2/10] 在馆    
3 2001650487   2001650487   516书库/ [索取号:I287.2/10] 在馆    
4 2001650488   2001650488   516书库/ [索取号:I287.2/10] 在馆    
5 2001650489   2001650489   516书库/ [索取号:I287.2/10] 在馆    
6 2001650490   2001650490   516书库/ [索取号:I287.2/10] 在馆    
山东省滨州职业学院图书馆 欢迎您!
大连网信软件有限公司© 版权所有